书目信息 |
| 题名: |
作弊的文化
|
|
| 作者: | 卡拉汉 著 ;宋瑛堂 译 | |
| 分册: | ||
| 出版信息: | 上海 文汇出版社 2007 |
|
| 页数: | 295页 | |
| 开本: | 21cm | |
| 丛书名: | ||
| 单 册: | ||
| 中图分类: | D771.288 | |
| 科图分类: | ||
| 主题词: | 文化--研究--美国--现代 , 文化 , 政治 | |
| 电子资源: | ||
| ISBN: | 978-7-80741-135-2 | |
| 000 | 00962nam0 2200265 450 | |
| 001 | 1231962453 | |
| 005 | 20121005085341.62 | |
| 010 | @a978-7-80741-135-2@dCNY19.00 | |
| 100 | @a20070109d2007 em y0chiy50 ea | |
| 101 | 1 | @achi@ceng |
| 102 | @aCN@b310000 | |
| 105 | @ay z 000yy | |
| 200 | 1 | @a作弊的文化@Azuo bi de wen hua@dThe cheating culture@f(美)戴维·卡勒汉(David Callahan)著@g宋瑛堂译@zeng |
| 210 | @a上海@c文汇出版社@d2007 | |
| 215 | @a295页@d21cm | |
| 330 | @a本书细数美国各领域的作弊现象,如谎报学历经历、逃漏税、非法下载等,并提出解决之道。全书包括:在赚钱至上的经济中作弊,品德问题,诱惑之邦,从起跑点到偷跑,有罪无罚等九章。 | |
| 510 | 1 | @aCheating culture@zeng |
| 606 | 0 | @a文化@x研究@y美国@z现代 |
| 606 | 0 | @a文化 |
| 606 | 0 | @a政治 |
| 690 | @aD771.288@v4 | |
| 701 | 0 | @c(美)@a卡拉汉@Aka la han@c(Callahan, David)@4著 |
| 702 | 0 | @a宋瑛堂@Asong ying tang@c(翻译)@4译 |
| 801 | 0 | @aCN@bNLC@c20101222 |
| 905 | @a10447@dD771.288@eJY35 | |
| 作弊的文化=The cheating culture/(美)戴维·卡勒汉(David Callahan)著/宋瑛堂译.-上海:文汇出版社,2007 |
| 295页;21cm |
| ISBN 978-7-80741-135-2:CNY19.00 |
| 本书细数美国各领域的作弊现象,如谎报学历经历、逃漏税、非法下载等,并提出解决之道。全书包括:在赚钱至上的经济中作弊,品德问题,诱惑之邦,从起跑点到偷跑,有罪无罚等九章。 |
| ● |
| 相关链接 |
|
|
|
|
正题名:作弊的文化
索取号:D771.288/JY35
 
预约/预借
| 序号 | 登录号 | 条形码 | 馆藏地/架位号 | 状态 | 备注 |
| 1 | 7812470 | 278124708 | 学院路分馆/ [索取号:D771.288/JY35] | 在馆 | |
| 2 | 7812471 | 278124717 | 学院路分馆/ [索取号:D771.288/JY35] | 在馆 |